Calendario histórico : 500 años de historia de Costa Rica /

Đã lưu trong:
Chi tiết về thư mục
Tác giả chính: Gutiérrez Núñez, Pedro Rafael
Định dạng: Không biết
Ngôn ngữ:Spanish
Được phát hành: San José, Costa Rica : Universidad Autónoma de Centro América, 1988.
Những chủ đề:
Các nhãn: Thêm thẻ
Không có thẻ, Là người đầu tiên thẻ bản ghi này!

MARC

LEADER 000000000a22000000004500
001 008104
020 |a 9977630526 
041 0 |a spa 
082 0 4 |a 972.86   |b G984c 
100 1 |a Gutiérrez Núñez, Pedro Rafael 
245 1 0 |a Calendario histórico :   |b 500 años de historia de Costa Rica /   |c Pedro Rafael Gutiérrez Núñez. 
260 1 |a San José, Costa Rica :   |b Universidad Autónoma de Centro América,   |c 1988. 
300 |a 476 páginas 
650 4 |a COSTA RICA 
650 4 |a HISTORIA 
999 |c 13715  |d 13715 
942 |c BK  |h 972.86 G984c  |2 z